[Event "ARG-ch sf 98th"]
[Site "Buenos Aires"]
[Date "2023.04.30"]
[Round "2"]
[White "Perez Lascano, Lucila"]
[Black "Chiappero, Raul"]
[Result "0-1"]
[WhiteElo "1272"]
[BlackElo "1800"]
[PlyCount "136"]
[EventDate "2023.04.29"]
[EventType "swiss"]
[EventRounds "9"]
[EventCountry "ARG"]
[SourceTitle "CBM 214 Extra"]
[Source "ChessBase"]
[SourceDate "2023.07.31"]
[SourceVersion "1"]
[SourceVersionDate "2023.07.31"]
[SourceQuality "1"]

1. e4 e5 2. Nf3 Nf6 3. Nxe5 Qe7 4. Nf3 Qxe4+ 5. Qe2 Bc5 6. d4 Bb6 7. Qxe4+ Nxe4 8. Bd3 d5 9. 0-0 0-0 10. h3 c5 11. c3 Nc6 12. Be3 cxd4 13. cxd4 Nb4 14. Rd1 Bf5 15. Ne1 Nxd3 16. Nxd3 Rac8 17. Nb4 Be6 18. Na3 Bd8 19. Rac1 Be7 20. Nac2 a5 21. Nd3 Nd6 22. Nc5 b6 23. Nxe6 fxe6 24. a4 Nc4 25. b3 Nxe3 26. Nxe3 Bf6 27. Rxc8 Rxc8 28. Ng4 Rc3 29. Nxf6+ gxf6 30. Re1 Kf7 31. Re3 Rc1+ 32. Kh2 Rd1 33. Rc3 Rxd4 34. Rc6 Rb4 35. Rc3 d4 36. Rd3 e5 37. f3 Ke6 38. g4 Kd5 39. Kg3 e4 40. fxe4+ Kxe4 41. Rf3 d3 42. Rf4+ Ke3 43. Rf3+ Ke2 44. Rf2+ Ke1 45. Rxf6 d2 46. Re6+ Kd1 47. Kf2 Rxb3 48. h4 Rb4 49. Kf3 Kc2 50. Rc6+ Kd3 51. Rd6+ Rd4 52. Rxd4+ Kxd4 53. Ke2 Ke4 54. Kxd2 Kf4 55. h5 Kxg4 56. h6 Kg5 57. Ke3 Kxh6 58. Kf4 Kg6 59. Ke4 Kf6 60. Kd5 h5 61. Kc6 h4 62. Kxb6 h3 63. Kxa5 h2 64. Kb6 h1Q 65. a5 Qa8 66. a6 Ke6 67. a7 Kd6 68. Ka6 Kc5 0-1

[Event "ARG-ch sf 98th"]
[Site "Buenos Aires"]
[Date "2023.04.29"]
[Round "1"]
[White "Ortiz, Francisco"]
[Black "Perez Lascano, Lucila"]
[Result "1-0"]
[WhiteElo "2024"]
[BlackElo "1272"]
[PlyCount "83"]
[EventDate "2023.04.29"]
[EventType "swiss"]
[EventRounds "9"]
[EventCountry "ARG"]
[SourceTitle "CBM 214 Extra"]
[Source "ChessBase"]
[SourceDate "2023.07.31"]
[SourceVersion "1"]
[SourceVersionDate "2023.07.31"]
[SourceQuality "1"]

1. Nf3 Nf6 2. b3 g6 3. Bb2 Bg7 4. e3 d6 5. Be2 e5 6. d3 0-0 7. c4 Be6 8. Nc3 Nbd7 9. Ng5 c6 10. Nxe6 fxe6 11. 0-0 d5 12. Qc2 d4 13. Nd1 c5 14. Bf3 Rb8 15. Bc1 e4 16. dxe4 dxe3 17. Bxe3 Nxe4 18. Nb2 Ng5 19. Be2 b6 20. Rad1 Nf7 21. Nd3 Qc7 22. Nf4 Rfe8 23. Bg4 Nf8 24. h4 Be5 25. Qe4 Bxf4 26. Bxf4 e5 27. Bg3 Rbd8 28. Rfe1 Rd4 29. Rxd4 cxd4 30. f4 Nd6 31. Qd5+ Kg7 32. Rxe5 Rd8 33. Qxd4 Nf7 34. Rd5+ Kh6 35. Kh2 Rxd5 36. cxd5 Qd8 37. b4 Nd7 38. Be6 Nd6 39. f5 Nxf5 40. Bf4+ Kh5 41. Qd1+ Kxh4 42. g3+ 1-0